00427 2200169 4500245005300000020001800053250001000071100002400081650001800105650002600123005001900149260003600168041001400204084001000218300002000228336000900248 aRagam Kue TradisionalcSemijati PurwadariahText a979-23-2427 5 aCet.2 aSemijati Purwadaria aResep Makanan aResep Kue Tradisional a20241017110942 aJakartabMedia Boga Utamac2012 aIndonesia a641.5 a134 hlm :cilus atext